English Counties by Neighbouring Counties - Statistics

General Stats
  • This quiz has been taken 532 times
  • The average score is 6 of 10
Answer Stats
Neighbouring counties Answer % Correct
Cornwall, Dorset, Somerset Devon
95%
Cambridgeshire, Essex, Norfolk Suffolk
78%
County Durham, Cumbria, Tyne and Wear Northumberland
71%
Cambridgeshire, East Riding of Yorkshire, Leicestershire, Norfolk, Northamptonshire, Nottinghamshire, Rutland, South Yorkshire Lincolnshire
63%
Bristol, Herefordshire, Oxfordshire, Somerset, Warwickshire, Wiltshire, Worcestershire Gloucestershire
58%
Berkshire, Dorset, Surrey, West Sussex, Wiltshire Hampshire
55%
Greater London City of London
52%
Cheshire, Greater Manchester, Lancashire Merseyside
52%
Bedfordshire, Berkshire, Greater London, Hertfordshire, Northamptonshire, Oxfordshire Buckinghamshire
48%
Cheshire, Derbyshire, Leicestershire, Shropshire, Warwickshire, West Midlands, Worcestershire Staffordshire
48%
No matching quizzes found
Score Distribution
Percent of People with Each Score
Percentile by Number Answered
Your Score History
You have not taken this quiz